Corrigez cette dictée #2 - Statistiques

Statistiques générales
  • Ce quiz a été pris 1 386 fois
  • Le résultat moyen est 9 sur 21
Réponses sur la Carte
Les réponses sont colorées sur une échelle allant du rouge au vert en fonction du pourcentage des utilisateurs qui les ont devinées à leur premier essai. Vous pouvez retrouver ces pourcentages ci-dessous.
 
Statistiques - réponses
Correction % Correct
pu
86%
infliger
73%
jumeaux
72%
songeaient
69%
paraître
64%
imbécilité
62%
douairière
60%
crue
59%
quelque
52%
due
44%
tort
44%
arrhes
39%
déclara
39%
données
33%
omoplate
32%
coreligionnaires
25%
accrut
22%
laissé
22%
dysenterie
19%
brisés
15%
contresens
10%
Aucun quiz correspondant
Distribution des résultats
% des personnes avec chaque résultat
Percentile par nombre de réponses
Votre historique - résultats
Vous n’avez pas pris ce quiz